[Event "Elit(LASK-Team Viking)"]
[Site "?"]
[Date "2010.03.12"]
[Round "9"]
[White "Nilsson, Sebastian"]
[Black "Lindberg, Bo"]
[Result "1/2-1/2"]
[WhiteElo "2381"]
[BlackElo "2431"]
[PlyCount "137"]

1. e4 e5 2. Nf3 Nc6 3. d4 exd4 4. Nxd4 Bc5 5. Be3 Qf6 6. c3 Nge7 7. Bc4 Ne5 8.
Be2 Qg6 9. O-O d6 10. f4 Qxe4 11. Bf2 Bxd4 12. cxd4 N5g6 13. g3 Bh3 14. Bf3 Qf5
15. Re1 d5 16. Qb3 O-O 17. Nc3 c6 18. Qxb7 Rfb8 19. Qc7 Qf6 20. b3 Nf5 21. Rad1
Nf8 22. Kh1 Rc8 23. Qe5 Nd7 24. Qe2 Nd6 25. Na4 Bf5 26. Nc5 Re8 27. Be3 Ne4 28.
Qg2 Nexc5 29. dxc5 Be4 30. Bd4 Bxf3 31. Rxe8+ Rxe8 32. Qxf3 Qe7 33. Qg4 f6 34.
b4 Qe4+ 35. Kg1 Qc2 36. Rf1 Re2 37. Bf2 f5 38. Qf3 Nf6 39. a3 Ne4 40. h3 Qd2
41. g4 fxg4 42. Qxg4 Nxf2 43. Rxf2 Re1+ 44. Kg2 Qe3 45. Qc8+ Qe8 46. Qxe8+ Rxe8
47. Kf3 Kf7 48. Re2 Rb8 49. f5 a5 50. Re6 axb4 51. axb4 Rxb4 52. Rxc6 Rc4 53.
Ke3 h5 54. Kd3 h4 55. Ke3 Rc3+ 56. Kd4 Rxh3 57. Kxd5 Rd3+ 58. Ke4 h3 59. Rc8
Rc3 60. Rh8 Rxc5 61. Rxh3 Kf6 62. Rg3 Re5+ 63. Kf4 Rxf5+ 64. Ke4 Rf1 65. Ke3 g5
66. Ke2 Rf4 67. Rf3 Kf5 68. Rxf4+ Kxf4 69. Kf2 1/2-1/2

[Event "Elit(Upsala-Wasa)"]
[Site "?"]
[Date "2010.03.12"]
[Round "9"]
[White "Lejlic, Samir"]
[Black "Johansson, Jan"]
[Result "0-1"]
[WhiteElo "2341"]
[BlackElo "2430"]
[PlyCount "72"]

1. c4 e6 2. Nf3 Nf6 3. d4 Bb4+ 4. Nc3 c5 5. e3 Nc6 6. dxc5 Ne4 7. Qc2 Nxc3 8.
bxc3 Bxc5 9. Bd3 h6 10. O-O b6 11. Nd4 Bb7 12. Bb2 Ne5 13. Be2 Qh4 14. a4 h5
15. Qd1 Rh6 16. Nf3 Qg4 17. h3 Nxf3+ 18. Bxf3 Bxf3 19. Qxf3 Qxf3 20. gxf3 Rc8
21. a5 Rg6+ 22. Kh1 e5 23. Rfd1 Rgc6 24. Rd5 f6 25. Rg1 bxa5 26. Rxg7 d6 27.
Rd1 R6c7 28. Rg6 Kf7 29. Rh6 a4 30. Ra1 Ke6 31. Rxa4 Rb7 32. Ra2 Rb3 33. Rxh5
Rcb8 34. Bc1 Rb1 35. Rc2 Ra1 36. Kg2 Rbb1 0-1

[Event "Elit(Upsala-Wasa)"]
[Site "?"]
[Date "2010.03.12"]
[Round "9"]
[White "Lundvik, Jonas"]
[Black "Astrom, Goran"]
[Result "1/2-1/2"]
[WhiteElo "2330"]
[BlackElo "2299"]
[PlyCount "58"]

1. d4 Nf6 2. Bg5 e6 3. Nf3 h6 4. Bh4 b6 5. e3 Bb7 6. Bd3 c5 7. O-O cxd4 8. exd4
Be7 9. c4 O-O 10. Nc3 d5 11. Rc1 Nc6 12. Bxf6 Bxf6 13. cxd5 exd5 14. Bb1 Re8
15. Qd3 g6 16. a3 Rc8 17. Ba2 Ne7 18. Ne5 Nf5 19. f4 a6 20. Nxd5 Bxd5 21. Rxc8
Qxc8 22. Bxd5 Bxe5 23. dxe5 Rd8 24. Rd1 Kg7 25. b4 Ne7 26. Qb3 Nxd5 27. Rxd5
Rxd5 28. Qxd5 Qc1+ 29. Kf2 Qxf4+ 1/2-1/2

[Event "Elit(Upsala-Wasa)"]
[Site "?"]
[Date "2010.03.12"]
[Round "9"]
[White "Wedberg, Tom"]
[Black "Andersson, Fredrik"]
[Result "1/2-1/2"]
[WhiteElo "2560"]
[BlackElo "2331"]
[PlyCount "99"]
[EventDate "2010.??.??"]

1. c4 Nf6 2. Nc3 g6 3. e4 d6 4. g3 Bg7 5. Bg2 c5 6. Nge2 Nc6 7. d3 O-O 8. Rb1
Ne8 9. a3 a5 10. Be3 Nc7 11. d4 cxd4 12. Nxd4 Be6 13. Nxe6 Nxe6 14. Nb5 a4 15.
O-O Ne5 16. Qe2 Qc8 17. Rbc1 Nc5 18. Rfd1 Nc6 19. f4 Rb8 20. Bxc5 dxc5 21. e5
Rd8 22. Rd5 Nd4 23. Nxd4 cxd4 24. Qd2 e6 25. Rxd8+ Qxd8 26. Be4 Bf8 27. Bd3 Qb6
28. Qc2 Qa5 29. Rf1 Rc8 30. Qe2 Rc6 31. g4 Rc5 32. Qe4 Qb6 33. Rf2 Rc7 34. h4
Qc5 35. Kh2 Rd7 36. h5 Qc6 37. Qe2 Qc5 38. Rf3 Bg7 39. Qc2 Qa5 40. Qe2 Qc5 41.
Rh3 Qc7 42. g5 Qa5 43. Kg2 Qc5 44. Qd1 Qc6+ 45. Kf2 Rd8 46. Qd2 Qb6 47. Qc2 Qa5
48. Qe2 Qb6 49. Rh1 Rc8 50. Rb1 1/2-1/2

[Event "Elit(Upsala-Wasa)"]
[Site "?"]
[Date "2010.03.12"]
[Round "9"]
[White "Glimbrant, Torbjorn"]
[Black "Collett, Peter"]
[Result "1/2-1/2"]
[WhiteElo "2327"]
[BlackElo "2172"]
[PlyCount "93"]
[SourceDate "2010.03.17"]

1. d4 Nf6 2. c4 e6 3. Nf3 c5 4. e3 d5 5. Nc3 Nc6 6. a3 a6 7. dxc5 Bxc5 8. b4
Ba7 9. Bb2 O-O 10. Qc2 Qe7 11. Rd1 dxc4 12. Bxc4 b5 13. Bd3 Bb7 14. Ne4 Nd5 15.
O-O f5 16. Nc3 Nxc3 17. Bxc3 Rac8 18. Qb2 Bb8 19. e4 Qc7 20. g3 e5 21. Bb1 f4
22. Ba2+ Kh8 23. Bd5 fxg3 24. fxg3 Ba7+ 25. Kh1 Nd4 26. Bxd4 exd4 27. Qg2 Bxd5
28. exd5 Qd6 29. Ng5 Kg8 30. Qe4 g6 31. Rxf8+ Rxf8 32. Qe6+ Qxe6 33. Nxe6 Rf5
34. Nc7 Bb6 35. d6 Kf7 36. Kg2 Rf6 37. Rf1 Rxf1 38. Kxf1 d3 39. h3 Bd4 40. d7
Bf6 41. Nxa6 Ke7 42. Nc5 Be5 43. g4 Bb2 44. Nxd3 Bxa3 45. Ke2 Kxd7 46. Ke3 Ke7
47. Ke4 1/2-1/2

[Event "Elit(Upsala-Wasa)"]
[Site "?"]
[Date "2010.03.12"]
[Round "9"]
[White "Berkell, Peder"]
[Black "Burwick, Malte"]
[Result "1/2-1/2"]
[WhiteElo "2171"]
[BlackElo "2270"]
[PlyCount "32"]

1. f4 g6 2. g3 Bg7 3. Bg2 d6 4. d3 e5 5. Nc3 Nc6 6. Nf3 Nge7 7. O-O O-O 8. e4
Nd4 9. fxe5 dxe5 10. Rf2 a5 11. Qf1 Ra6 12. Bh3 Rf6 13. Bxc8 Qxc8 14. Bg5 Nxf3+
15. Rxf3 Rxf3 16. Qxf3 f6 1/2-1/2

[Event "Elit(Upsala-Wasa)"]
[Site "?"]
[Date "2010.03.12"]
[Round "9"]
[White "Marttala, Thomas"]
[Black "Nordstrom, Felix"]
[Result "1-0"]
[WhiteElo "2292"]
[BlackElo "2191"]
[PlyCount "59"]

1. e4 e6 2. d4 d5 3. Nc3 dxe4 4. Nxe4 Nd7 5. Nf3 Ngf6 6. Nxf6+ Nxf6 7. Ne5 Be7
8. Bd3 O-O 9. O-O c5 10. dxc5 Qc7 11. Re1 Qxc5 12. Bg5 h6 13. Bd2 Nd7 14. Bc3
Nxe5 15. Rxe5 Qc7 16. Qg4 Bf6 17. Rc5 Qd8 18. Rd1 e5 19. Qe4 g6 20. Bxe5 Be6
21. Qxb7 Bxe5 22. Rxe5 Qd4 23. Rde1 Rab8 24. Qe7 Rxb2 25. Qf6 Rb6 26. Bxg6 Bxa2
27. Bxf7+ Kh7 28. Bg6+ Kg8 29. Bh7+ Kxh7 30. Re7+ 1-0

[Event "Elit(Upsala-Wasa)"]
[Site "?"]
[Date "2010.03.12"]
[Round "9"]
[White "Hallerod, Ralph"]
[Black "Lindberg, Henrik"]
[Result "0-1"]
[WhiteElo "2165"]
[BlackElo "2265"]
[PlyCount "98"]

1. d4 Nf6 2. c4 e6 3. Nf3 b6 4. g3 Bb7 5. Bg2 Be7 6. O-O O-O 7. Nc3 Ne4 8. Qc2
Nxc3 9. bxc3 f5 10. d5 Na6 11. Nd4 Nc5 12. Rd1 Qc8 13. Ba3 Re8 14. Nb3 Na6 15.
Bxe7 Rxe7 16. Rd2 g6 17. dxe6 d6 18. Bd5 c6 19. Bf3 Qxe6 20. Rad1 Rd8 21. Rd4
c5 22. Bxb7 Rxb7 23. R4d2 Rbd7 24. Qd3 Nc7 25. e3 Ne8 26. Qd5 Kf7 27. f3 Nf6
28. Qxe6+ Kxe6 29. Kf2 d5 30. cxd5+ Nxd5 31. Rc2 g5 32. Nc1 h5 33. Re1 Nf6 34.
c4 g4 35. a4 Nh7 36. e4 Ng5 37. exf5+ Kxf5 38. fxg4+ hxg4 39. Ree2 Nf3 40. h3
Nd4 41. hxg4+ Kf6 42. Ra2 Nxe2 43. Kxe2 Rd4 44. a5 Rxc4 45. Nd3 b5 46. Nf4 b4
47. g5+ Kf5 48. Ra1 Re8+ 49. Kd2 b3 0-1

[Event "Elit(Upsala-Wasa)"]
[Site "?"]
[Date "2010.03.12"]
[Round "9"]
[White "Johansson, Thomas"]
[Black "Aurehl, Bo"]
[Result "1-0"]
[WhiteElo "2190"]
[BlackElo "2067"]
[PlyCount "63"]

1. d4 Nf6 2. c4 c5 3. d5 e5 4. Nc3 d6 5. e4 Nbd7 6. Nf3 Be7 7. Be2 O-O 8. O-O
Ne8 9. a3 g6 10. Bh6 Ng7 11. b4 b6 12. Qd2 Kh8 13. Ne1 f5 14. exf5 gxf5 15. f4
a6 16. Nf3 e4 17. Ng5 Nf6 18. g4 fxg4 19. Ncxe4 Nxe4 20. Nxe4 Qe8 21. Bd3 Qh5
22. Bg5 Qf7 23. Rae1 cxb4 24. Qxb4 Nf5 25. Qxb6 h6 26. Bxe7 Qxe7 27. Ng3 Qh4
28. Bxf5 Bxf5 29. Qxd6 Rf6 30. Qe5 Bg6 31. f5 Re8 32. Qc3 1-0

[Event "Elit(Limhamn-Rockaden,Sthlm)"]
[Site "?"]
[Date "2010.03.12"]
[Round "9"]
[White "Karlsson, Lars"]
[Black "Jepson, Christian"]
[Result "1/2-1/2"]
[WhiteElo "2535"]
[BlackElo "2463"]
[PlyCount "69"]

1. b3 e5 2. Bb2 Nc6 3. e3 g6 4. Bb5 Bg7 5. Bxc6 bxc6 6. Nf3 d6 7. d3 f5 8. Nbd2
Nf6 9. c4 c5 10. Qc2 O-O 11. a3 Qe7 12. Rb1 Bb7 13. O-O e4 14. Ne1 f4 15. Bxf6
Bxf6 16. Nxe4 fxe3 17. fxe3 Bg5 18. Nf3 Bxe3+ 19. Kh1 Qg7 20. Rbe1 Bf4 21. b4
cxb4 22. axb4 a5 23. b5 a4 24. d4 a3 25. Qa2 Rf5 26. d5 Qb2 27. Rf2 Qxa2 28.
Rxa2 Ra4 29. Ned2 Rf8 30. Kg1 Bc8 31. Re7 Rf7 32. Re8+ Rf8 33. Re7 Rf7 34. Re8+
Rf8 35. Re7 1/2-1/2

[Event "Elit(Limhamn-Rockaden,Sthlm)"]
[Site "?"]
[Date "2010.03.12"]
[Round "9"]
[White "Schneider, Stefan"]
[Black "Barkhagen, Jonas"]
[Result "0-1"]
[WhiteElo "2425"]
[BlackElo "2517"]
[PlyCount "106"]

1. d4 Nf6 2. c4 e6 3. Nf3 b6 4. Nc3 Bb7 5. a3 d5 6. cxd5 Nxd5 7. Qc2 Nxc3 8.
bxc3 Nd7 9. e4 c5 10. Bf4 cxd4 11. cxd4 Rc8 12. Qb1 Be7 13. Bd3 O-O 14. O-O Rc3
15. Rc1 Rxc1+ 16. Bxc1 h6 17. a4 Qa8 18. Bb2 Nf6 19. Nd2 Bb4 20. Nf3 Bxe4 21.
Bxe4 Qxe4 22. Qxe4 Nxe4 23. Rc1 Nf6 24. Ne5 Nd5 25. Nc6 Ra8 26. g3 a5 27. Kg2
f6 28. Kf3 Bd6 29. Ke4 Kf8 30. Kd3 Ke8 31. Kc4 Nc7 32. Kb3 Kd7 33. d5 Nxd5 34.
Nd4 Bc5 35. f4 Bxd4 36. Bxd4 h5 37. Rd1 Kc6 38. Rc1+ Kd6 39. Bf2 Kd7 40. h3 Rc8
41. Rxc8 Kxc8 42. f5 Kd7 43. Kc4 Kd6 44. fxe6 Kxe6 45. Bd4 Kd6 46. Kb5 Kc7 47.
Bb2 Kb7 48. Bd4 Nc7+ 49. Kc4 Kc6 50. g4 hxg4 51. hxg4 Ne6 52. Ba1 Nc5 53. g5
fxg5 0-1

[Event "Elit(Limhamn-Rockaden,Sthlm)"]
[Site "?"]
[Date "2010.03.12"]
[Round "9"]
[White "Hermansson, Emil"]
[Black "Penalver, Osmani"]
[Result "1/2-1/2"]
[WhiteElo "2465"]
[BlackElo "2312"]
[PlyCount "86"]

1. Nf3 Nf6 2. c4 e6 3. g3 b6 4. Bg2 c6 5. d4 Ba6 6. Nbd2 d5 7. O-O Be7 8. b3
O-O 9. Re1 Bb4 10. Qc2 Ne4 11. Rd1 f5 12. Bb2 Nd7 13. a3 Bxd2 14. Nxd2 Rc8 15.
Nxe4 fxe4 16. f3 Qg5 17. Kh1 Nf6 18. Bc1 Qg6 19. fxe4 Ng4 20. Kg1 Rf7 21. Bd2
Qh5 22. h4 Qg6 23. Rf1 Rcf8 24. Rxf7 Rxf7 25. Rf1 Rxf1+ 26. Kxf1 Nh2+ 27. Kf2
Qf6+ 28. Bf4 Qxd4+ 29. e3 Ng4+ 30. Ke2 Qc5 31. exd5 cxd5 32. Bh3 dxc4 33. Kf3
Bb7+ 34. e4 h5 35. Bxg4 hxg4+ 36. Kxg4 e5 37. Bg5 cxb3 38. Qxb3+ Kh7 39. Qf7
Qc8+ 40. Qf5+ g6 41. Qxc8 Bxc8+ 42. Kf3 Kg7 43. g4 Bd7 1/2-1/2

[Event "Elit(Limhamn-Rockaden,Sthlm)"]
[Site "?"]
[Date "2010.03.12"]
[Round "9"]
[White "Tadjerbashi, Amir"]
[Black "Hedman, Erik"]
[Result "0-1"]
[WhiteElo "2246"]
[BlackElo "2438"]
[PlyCount "52"]
[EventDate "2010.??.??"]

1. e4 c5 2. Nf3 d6 3. d4 cxd4 4. Nxd4 Nf6 5. Nc3 a6 6. g3 e5 7. Nde2 Be7 8. Bg2
Nbd7 9. O-O b5 10. h3 b4 11. Nd5 Nxd5 12. exd5 a5 13. a3 Rb8 14. axb4 axb4 15.
b3 O-O 16. Kh1 f5 17. Be3 Nf6 18. Qd2 Ne4 19. Qd3 Bd7 20. Ba7 Rb7 21. Qe3 Bb5
22. Rfe1 Qc7 23. Bxe4 fxe4 24. c4 bxc3 25. Nxc3 Bd3 26. Rec1 Qd7 0-1

[Event "Elit(Limhamn-Rockaden,Sthlm)"]
[Site "?"]
[Date "2010.03.12"]
[Round "9"]
[White "Blomqvist, Erik"]
[Black "Eklund, Joel"]
[Result "1-0"]
[WhiteElo "2497"]
[BlackElo "2273"]
[PlyCount "64"]

1. e4 c5 2. Nf3 e6 3. d4 cxd4 4. Nxd4 a6 5. Bd3 Bc5 6. Nb3 Be7 7. Be3 Qc7 8.
N1d2 d6 9. f4 Nd7 10. Qf3 b6 11. O-O-O Bb7 12. g4 d5 13. g5 Nc5 14. Bd4 f6 15.
exd5 Bxd5 16. Qh5+ Kf8 17. Nxc5 bxc5 18. Bc3 Bxh1 19. Rxh1 Bd6 20. f5 exf5 21.
gxf6 Nxf6 22. Qxf5 Be7 23. Rf1 Rd8 24. Ne4 Qc6 25. Ng5 Rd5 26. Nxh7+ Ke8 27.
Qg6+ Kd8 28. Nxf6 gxf6 29. Bc4 Kc8 30. Qg7 Re8 31. Qf7 Red8 32. Bxd5 Qxd5 1-0

[Event "Elit(Limhamn-Rockaden,Sthlm)"]
[Site "?"]
[Date "2010.03.12"]
[Round "9"]
[White "Holst, Conny"]
[Black "Engqvist, Thomas"]
[Result "0-1"]
[WhiteElo "2272"]
[BlackElo "2450"]
[PlyCount "124"]

1. d4 d5 2. c4 c6 3. Nf3 Nf6 4. Nc3 dxc4 5. a4 Bf5 6. e3 e6 7. Bxc4 Bb4 8. O-O
Nbd7 9. Nh4 O-O 10. Nxf5 exf5 11. Qf3 g6 12. h3 h5 13. Rd1 Qe7 14. Qg3 Kg7 15.
e4 Nxe4 16. Nxe4 fxe4 17. Bf4 Nb6 18. Rac1 Nxc4 19. Rxc4 Rad8 20. Qe3 Kh7 21.
d5 Rxd5 22. Rxd5 cxd5 23. Rc7 Qf6 24. Rxb7 a5 25. g4 hxg4 26. Qg3 g5 27. Be5
Qf3 28. Qxg4 Qxg4+ 29. hxg4 Kg6 30. Rd7 f5 31. Rxd5 fxg4 32. Bc3 Bxc3 33. bxc3
Rc8 34. Rxa5 Rxc3 35. Kg2 Ra3 36. Ra8 g3 37. fxg3 Kf5 38. a5 Ra2+ 39. Kf1 Kg4
40. Re8 Kf3 41. Rf8+ Kxg3 42. Ra8 Kf3 43. Rf8+ Ke3 44. Ra8 g4 45. a6 Rf2+ 46.
Kg1 Rf6 47. Kg2 Rd6 48. Kg3 Kd3 49. a7 Rd7 50. Kxg4 e3 51. Kf3 e2 52. Re8 Rf7+
53. Kg2 Rxa7 54. Rd8+ Ke3 55. Re8+ Kd2 56. Rd8+ Ke1 57. Rb8 Rg7+ 58. Kh2 Rg5
59. Kh3 Kf2 60. Rf8+ Ke3 61. Re8+ Kf3 62. Kh2 Rg4 0-1

[Event "Elit(Limhamn-Rockaden,Sthlm)"]
[Site "?"]
[Date "2010.03.12"]
[Round "9"]
[White "Zadruzny, Nicolaj"]
[Black "Nylen, Anders"]
[Result "1-0"]
[WhiteElo "2311"]
[BlackElo "2232"]
[PlyCount "61"]

1. d4 Nf6 2. Nc3 d5 3. Bg5 g6 4. Qd2 Bg7 5. O-O-O Bf5 6. f3 c6 7. h4 h5 8. Nh3
Qa5 9. Kb1 Nbd7 10. e4 dxe4 11. fxe4 Be6 12. a3 O-O-O 13. Bf4 Nb6 14. d5 Bxh3
15. Rxh3 e5 16. Bg5 cxd5 17. Bxf6 Bxf6 18. b4 Qxa3 19. Nb5 Qa6 20. Nd6+ Rxd6
21. Bxa6 bxa6 22. exd5 Rxd5 23. Qc3+ Kb7 24. Rxd5 Nxd5 25. Qf3 Rd8 26. c4 e4
27. Qxe4 Rd7 28. cxd5 Re7 29. Qf3 Re1+ 30. Kc2 Be5 31. d6+ 1-0

[Event "Elit(Limhamn-Rockaden,Sthlm)"]
[Site "?"]
[Date "2010.03.12"]
[Round "9"]
[White "Mansson, Lars"]
[Black "Berowski, Krum"]
[Result "0-1"]
[WhiteElo "2233"]
[BlackElo "2328"]
[PlyCount "98"]

1. e4 e6 2. d4 d5 3. Nc3 Bb4 4. e5 c5 5. Bd2 Ne7 6. a3 Bxc3 7. Bxc3 b6 8. Bb5+
Nec6 9. Qg4 O-O 10. Nf3 cxd4 11. Bd2 f6 12. exf6 Qxf6 13. O-O-O e5 14. Qh5 Bf5
15. Rhe1 Nd7 16. Nh4 g6 17. Qg5 Qxg5 18. Bxg5 Rac8 19. Nxf5 Rxf5 20. f4 h5 21.
h4 e4 22. Bxc6 Rxc6 23. Rxd4 Nc5 24. Kb1 Ne6 25. Ra4 Rc7 26. g3 Kf7 27. Bh6 Nc5
28. Rd4 b5 29. b3 Rd7 30. Kc1 Ke6 31. Rb4 Rb7 32. a4 bxa4 33. Rxb7 Nxb7 34.
bxa4 Nc5 35. Kd2 d4 36. Bg7 Kd5 37. Rb1 Rf7 38. Bh8 Rb7 39. Ra1 e3+ 40. Ke1 Ke4
41. Rd1 Ne6 42. Ra1 Rb2 43. Kd1 Kf3 44. Be5 Kf2 45. Kc1 Rb7 46. a5 a6 47. Kd1
Rd7 48. Rb1 Nc5 49. Kc1 Ne4 0-1

[Event "Elit(Manhem-Rockaden,Umea)"]
[Site "?"]
[Date "2010.03.13"]
[Round "10"]
[White "Forsberg, Viktor"]
[Black "Olausson, Claes-Goran"]
[Result "1/2-1/2"]
[WhiteElo "2351"]
[BlackElo "2365"]
[PlyCount "68"]

1. Nf3 d5 2. g3 Nf6 3. Bg2 g6 4. O-O Bg7 5. c4 c6 6. cxd5 cxd5 7. d4 O-O 8. Ne5
e6 9. Nc3 Nfd7 10. f4 f5 11. Qd2 Nc6 12. b3 Ndxe5 13. dxe5 Qa5 14. Na4 Qxd2 15.
Bxd2 b6 16. Rfc1 Bb7 17. Nc3 Rfc8 18. Nb5 Bf8 19. Bc3 Ba6 20. Nd6 Rd8 21. Bb2
Bxd6 22. exd6 Rac8 23. Ba3 Nd4 24. Rxc8 Bxc8 25. Bb2 Nb5 26. Rc1 Nxd6 27. Be5
Ne8 28. Kf2 Bd7 29. Ke3 Kf7 30. Kd4 Ke7 31. e3 Nd6 32. Bf1 Rc8 33. Bxd6+ Kxd6
34. Rxc8 Bxc8 1/2-1/2

[Event "Elit(Manhem-Rockaden,Umea)"]
[Site "?"]
[Date "2010.03.13"]
[Round "10"]
[White "Nithander, Victor"]
[Black "Eriksson, Jorgen"]
[Result "1/2-1/2"]
[WhiteElo "2489"]
[BlackElo "2319"]
[PlyCount "95"]

1. e4 e5 2. Nf3 Nc6 3. Bc4 Nf6 4. d3 Bc5 5. c3 d6 6. Bb3 h6 7. Nbd2 O-O 8. O-O
Re8 9. Re1 Be6 10. Nf1 Bxb3 11. Qxb3 Rb8 12. Ng3 a6 13. Bd2 d5 14. Rad1 Qd7 15.
h3 dxe4 16. dxe4 Qe6 17. Qa4 b5 18. Qc2 Red8 19. b3 Rd7 20. Nf5 Rbd8 21. g4 Nh7
22. Kg2 Ne7 23. Bc1 Ng6 24. Rxd7 Qxd7 25. b4 Bf8 26. Be3 Nf6 27. Rc1 c5 28.
bxc5 Qc6 29. c4 b4 30. Rd1 Rxd1 31. Qxd1 Nxe4 32. Qd5 Qxd5 33. cxd5 Bxc5 34.
Nd2 Nxd2 35. Bxd2 Ne7 36. Be3 Bxe3 37. Nxe7+ Kf8 38. Nc6 Bc5 39. Nxe5 Ke7 40.
Kf3 Kd6 41. Ke4 Bxf2 42. Nxf7+ Kc5 43. Ne5 Bg3 44. Nd3+ Kc4 45. Ne5+ Kc5 46.
Nd3+ Kb5 47. Ne5 Kc5 48. Nd3+ 1/2-1/2

[Event "Elit(Manhem-Rockaden,Umea)"]
[Site "?"]
[Date "2010.03.13"]
[Round "10"]
[White "Malmstig, Erik"]
[Black "Welin, Mats"]
[Result "0-1"]
[WhiteElo "2307"]
[BlackElo "2357"]
[PlyCount "80"]

1. d4 Nf6 2. Bg5 e6 3. e4 h6 4. Bxf6 Qxf6 5. Qd2 d5 6. Nc3 Bb4 7. a3 Bxc3 8.
Qxc3 dxe4 9. Qxc7 O-O 10. c3 Nc6 11. f3 Rd8 12. Qg3 exf3 13. Nxf3 e5 14. dxe5
Qf5 15. Bb5 Rd5 16. c4 Qe4+ 17. Kf1 Rd8 18. Qe1 Qd3+ 19. Qe2 Qb3 20. Bxc6 bxc6
21. Kf2 Be6 22. Rac1 Rab8 23. c5 Qxb2 24. Qxb2 Rxb2+ 25. Kg3 Rb3 26. a4 Rd4 27.
Rc2 Rxa4 28. Rd1 Bd5 29. Rdd2 Raa3 30. Rf2 a5 31. h4 a4 32. e6 Bxe6 33. Kf4 Rd3
34. Rfd2 Bd5 35. Ke5 f6+ 36. Kf4 Rxd2 37. Nxd2 Rd3 38. Nf1 a3 39. Ne3 g5+ 40.
hxg5 fxg5+ 0-1

[Event "Elit(Manhem-Rockaden,Umea)"]
[Site "?"]
[Date "2010.03.13"]
[Round "10"]
[White "Akesson, Joel"]
[Black "Wickstrom, Lucas"]
[Result "1/2-1/2"]
[WhiteElo "2377"]
[BlackElo "2301"]
[PlyCount "76"]

1. Nf3 c5 2. c4 Nf6 3. Nc3 b6 4. g3 Bb7 5. Bg2 e6 6. O-O a6 7. b3 Be7 8. Bb2
O-O 9. e3 d6 10. d4 cxd4 11. exd4 Nbd7 12. d5 e5 13. Ne1 b5 14. cxb5 axb5 15.
Nc2 Qb6 16. Nb4 Rfc8 17. Qe2 Rc5 18. Rfc1 Rac8 19. Nc6 Bxc6 20. dxc6 Nb8 21. b4
Rc4 22. Nd5 Nxd5 23. Bxd5 Rxc1+ 24. Rxc1 Rc7 25. Qe4 g6 26. Kg2 Kf8 27. f4 f5
28. Qf3 Bf6 29. fxe5 dxe5 30. Qc3 Ke7 31. a4 bxa4 32. Qc4 Qe3 33. Rc2 e4 34.
Bc1 Qf3+ 35. Kg1 Qd1+ 36. Kg2 Qf3+ 37. Kg1 Qd1+ 38. Kg2 Qf3+ 1/2-1/2

[Event "Elit(Manhem-Rockaden,Umea)"]
[Site "?"]
[Date "2010.03.13"]
[Round "10"]
[White "Hammar, Ulf"]
[Black "Carlhammar, Magnus"]
[Result "0-1"]
[WhiteElo "2270"]
[BlackElo "2328"]
[PlyCount "120"]

1. d4 Nf6 2. Bg5 c5 3. Bxf6 gxf6 4. d5 Qb6 5. Qc1 f5 6. g3 Bg7 7. c3 Qh6 8. e3
O-O 9. Nd2 d6 10. Qc2 Na6 11. a4 Nc7 12. Bg2 e6 13. dxe6 fxe6 14. Ne2 d5 15.
Nf4 Bd7 16. O-O Bc6 17. c4 Rad8 18. cxd5 Nxd5 19. Nxd5 Bxd5 20. Rfd1 b6 21. a5
Qf6 22. axb6 axb6 23. Nc4 Bxg2 24. Kxg2 b5 25. Nd6 Qxb2 26. Qxc5 Qe5 27. Rac1
Qxc5 28. Rxc5 Rd7 29. Rxb5 Rfd8 30. Rb6 Bf8 31. Nb7 Rxb7 32. Rxb7 Rxd1 33. h3
Bc5 34. Kf3 Rd2 35. g4 f4 36. Rc7 Bd6 37. Rc8+ Kf7 38. exf4 Rd4 39. f5 e5 40.
Rd8 Rf4+ 41. Kg3 Be7 42. Rh8 Kg7 43. Re8 Bd6 44. Rd8 Rd4 45. Rd7+ Kf6 46. Rxh7
e4+ 47. Kg2 Rd2 48. Rh6+ Ke5 49. Kg3 Kd5+ 50. f4 Rd3+ 51. Kf2 Bxf4 52. Rh7 Rd2+
53. Kf1 e3 54. Re7 Rf2+ 55. Ke1 Be5 56. Re6 Bc3+ 57. Kd1 Rd2+ 58. Ke1 Ra2+ 59.
Kd1 Be5 60. Kc1 Ke4 0-1

[Event "Elit(Manhem-Rockaden,Umea)"]
[Site "?"]
[Date "2010.03.13"]
[Round "10"]
[White "Kinnmark, Ove"]
[Black "Engman, Rickard"]
[Result "1/2-1/2"]
[WhiteElo "2264"]
[BlackElo "2216"]
[PlyCount "80"]

1. Nf3 f5 2. b3 d6 3. d4 g6 4. Bb2 Bg7 5. e3 Nf6 6. Nbd2 Nc6 7. Be2 O-O 8. O-O
e5 9. dxe5 Ng4 10. Nc4 d5 11. h3 Nh6 12. Ncd2 Nf7 13. c4 Ncxe5 14. Nxe5 Nxe5
15. cxd5 Qxd5 16. Nc4 Qxd1 17. Raxd1 Nc6 18. Bxg7 Kxg7 19. Bf3 Nd8 20. Rd2 Kf6
21. e4 fxe4 22. Bxe4 Be6 23. Na5 Rb8 24. Rc1 b6 25. Nc6 Nxc6 26. Rxc6 Rbd8 27.
Re2 Rf7 28. Rec2 Rdd7 29. Bf3 Rfe7 30. Kh2 Kf7 31. g4 Ke8 32. Re2 Bf7 33. Rxe7+
Kxe7 34. h4 Kd8 35. Kg2 Bd5 36. Bxd5 Rxd5 37. Rf6 Ke7 38. Rc6 Kd7 39. Rf6 Ke7
40. Rc6 Kd7 1/2-1/2

[Event "Elit(Manhem-Rockaden,Umea)"]
[Site "?"]
[Date "2010.03.13"]
[Round "10"]
[White "Nygren, David"]
[Black "Andersson, Bjorn"]
[Result "1/2-1/2"]
[WhiteElo "2206"]
[BlackElo "2331"]
[PlyCount "142"]

1. e4 e5 2. Nf3 Nc6 3. Bb5 Bc5 4. O-O Nf6 5. c3 O-O 6. d4 Bb6 7. Re1 d6 8. h3
Bd7 9. Ba4 h6 10. a3 Re8 11. Bc2 Nh7 12. Be3 Qf6 13. d5 Ne7 14. Nbd2 Ng6 15.
Ba4 Bxa4 16. Qxa4 Nf4 17. Qb5 Ng5 18. Nxg5 Qxg5 19. Bxf4 Qxf4 20. Re2 a6 21.
Qd3 Rf8 22. g3 Qg5 23. Kg2 f5 24. exf5 Rxf5 25. Ne4 Qg6 26. Rd1 Raf8 27. Rdd2
Qf7 28. Qc2 Rh5 29. Rd3 Rf5 30. b4 Rf3 31. c4 Bd4 32. Qb3 Rf5 33. f3 Kh8 34. c5
dxc5 35. bxc5 Rd8 36. d6 cxd6 37. Nxd6 Qxb3 38. Rxb3 Rff8 39. Rxb7 Kg8 40. Ne4
Rb8 41. Rd7 Rfd8 42. Ra7 Ra8 43. Rxa8 Rxa8 44. Rc2 Kf7 45. Kf1 Ke6 46. Ke2 Kd5
47. Kd3 Rf8 48. Ke2 Rb8 49. c6 Rc8 50. c7 Bb6 51. Rb2 Ba5 52. Rb8 Rxc7 53. Ra8
Rc6 54. Kd3 h5 55. Rg8 g6 56. g4 hxg4 57. hxg4 Rb6 58. Rd8+ Ke6 59. Nc5+ Ke7
60. Rd5 Rb1 61. Rxe5+ Kf7 62. g5 Bb6 63. Ne4 Ra1 64. Nd6+ Kf8 65. Re8+ Kg7 66.
Nc4 Bc5 67. Rc8 Bxa3 68. Rc7+ Kf8 69. Ne5 Rd1+ 70. Ke4 Re1+ 71. Kd5 Rd1+
1/2-1/2

[Event "Elit(Manhem-Rockaden,Umea)"]
[Site "?"]
[Date "2010.03.13"]
[Round "10"]
[White "Moberg, Karl Johan"]
[Black "Lindgren, Fredrik"]
[Result "1/2-1/2"]
[WhiteElo "2322"]
[BlackElo "2242"]
[PlyCount "128"]

1. d4 Nf6 2. c4 c5 3. d5 a6 4. Nf3 b5 5. Nbd2 e6 6. e4 exd5 7. cxd5 Qe7 8. Qe2
d6 9. a4 g6 10. axb5 Bg7 11. Qe3 Ng4 12. Qb3 O-O 13. Bd3 Nd7 14. O-O Rb8 15.
Ra5 axb5 16. Rxb5 Ba6 17. Rxb8 Rxb8 18. Qc2 Bxd3 19. Qxd3 Bxb2 20. Bxb2 Rxb2
21. Nc4 Nde5 22. Nfxe5 Nxe5 23. Nxe5 Qxe5 24. f4 Qe7 25. e5 dxe5 26. d6 Qb7 27.
Rf2 Rxf2 28. Kxf2 c4 29. Qxc4 Qb6+ 30. Kf3 Qxd6 31. fxe5 Qxe5 32. g3 Kg7 33.
Kg2 g5 34. Kf3 h5 35. Kg2 g4 36. Qd3 Qb2+ 37. Kg1 Qc1+ 38. Kg2 Qc6+ 39. Kg1
Qb6+ 40. Kg2 Qc6+ 41. Kg1 Qc5+ 42. Kg2 Qc6+ 43. Kg1 Qe6 44. Qd4+ Kg6 45. Qh8 f5
46. Qd8 Qf6 47. Qe8+ Kh6 48. Qe3+ Kg7 49. Qe8 Kh6 50. Qe3+ Kg7 51. Qe8 Qd4+ 52.
Kf1 Qc4+ 53. Kg1 Qf7 54. Qe5+ Kg6 55. Qd6+ Qf6 56. Qd5 Qb6+ 57. Kf1 Kf6 58. Kg2
h4 59. gxh4 Qb2+ 60. Kg1 Qb1+ 61. Kf2 Qb2+ 62. Kg1 Qc1+ 63. Kg2 Qb2+ 64. Kg1
Qc1+ 1/2-1/2

[Event "Elit(LASK-Rockaden,Sthlm)"]
[Site "?"]
[Date "2010.03.13"]
[Round "10"]
[White "Bator, Robert"]
[Black "Grandelius, Nils"]
[Result "1/2-1/2"]
[WhiteElo "2500"]
[BlackElo "2560"]
[PlyCount "95"]

1. d4 Nf6 2. Nf3 g6 3. c4 Bg7 4. g3 O-O 5. Bg2 d6 6. O-O Nc6 7. d5 Na5 8. Nfd2
c5 9. a3 Ng4 10. Ra2 Ne5 11. Qc2 Bf5 12. e4 Bd7 13. a4 a6 14. Na3 b5 15. axb5
axb5 16. cxb5 Qb6 17. b3 Bxb5 18. Nxb5 Qxb5 19. Bb2 c4 20. Bxe5 cxb3 21. Nxb3
Bxe5 22. Nxa5 Rxa5 23. Rb1 Rxa2 24. Qxa2 Qd3 25. Qb3 Qxb3 26. Rxb3 Ra8 27. Rd3
Ra2 28. Bf3 Kg7 29. Kf1 Kf6 30. Be2 Bb2 31. Rd2 Ra1+ 32. Kg2 Bc3 33. Rc2 Bd4
34. h4 Bc5 35. f4 Bd4 36. Bf3 h6 37. Rd2 Be3 38. Re2 Ra3 39. Rc2 g5 40. hxg5+
hxg5 41. fxg5+ Bxg5 42. Bh5 Be3 43. Re2 Ke5 44. Bxf7 Kxe4 45. Rb2 Bd4 46. Re2+
Be3 47. Rb2 Bd4 48. Re2+ 1/2-1/2